<?xml version="1.0" encoding="UTF-8"?>
<record
    xmlns:xsi="http://www.w3.org/2001/XMLSchema-instance"
    xsi:schemaLocation="http://www.loc.gov/MARC21/slim http://www.loc.gov/standards/marcxml/schema/MARC21slim.xsd"
    xmlns="http://www.loc.gov/MARC21/slim">

  <leader>01131nam0a22003011  4500</leader>
  <controlfield tag="001">v19\rc\1781757</controlfield>
  <controlfield tag="005">20260407183701.0</controlfield>
  <datafield tag="035" ind1=" " ind2=" ">
    <subfield code="a">(NLR Aleph) 004875665</subfield>
  </datafield>
  <datafield tag="090" ind1=" " ind2=" ">
    <subfield code="a">5129111</subfield>
    <subfield code="c">5129111</subfield>
  </datafield>
  <datafield tag="100" ind1=" " ind2=" ">
    <subfield code="a">20061204d1904    |||y0rusy50      ca</subfield>
  </datafield>
  <datafield tag="101" ind1="0" ind2=" ">
    <subfield code="a">rus</subfield>
  </datafield>
  <datafield tag="102" ind1=" " ind2=" ">
    <subfield code="a">RU</subfield>
  </datafield>
  <datafield tag="105" ind1=" " ind2=" ">
    <subfield code="a">y   z   |||||</subfield>
  </datafield>
  <datafield tag="200" ind1="1" ind2=" ">
    <subfield code="a">&#x41E; &#x43D;&#x43E;&#x432;&#x44B;&#x445; &#x43F;&#x440;&#x438;&#x440;&#x435;&#x439;&#x43D;&#x441;&#x43A;&#x438;&#x445; &#x43F;&#x43E;&#x440;&#x442;&#x430;&#x445; &#x432; &#x411;&#x430;&#x434;&#x435;&#x43D;&#x435;</subfield>
    <subfield code="e">&#x41E;&#x442;&#x447;&#x435;&#x442; &#x438;&#x43D;&#x436;. &#x41F;&#x430;&#x441;&#x442;&#x430;&#x43A;&#x43E;&#x432;&#x430;</subfield>
    <subfield code="f">X &#x421;&#x44A;&#x435;&#x437;&#x434; &#x440;&#x443;&#x441;. &#x434;&#x435;&#x44F;&#x442;&#x435;&#x43B;&#x435;&#x439; &#x43F;&#x43E; &#x432;&#x43E;&#x434;&#x44F;&#x43D;&#x44B;&#x43C; &#x43F;&#x443;&#x442;&#x44F;&#x43C;</subfield>
  </datafield>
  <datafield tag="210" ind1=" " ind2=" ">
    <subfield code="a">&#x421;&#x430;&#x43D;&#x43A;&#x442;-&#x41F;&#x435;&#x442;&#x435;&#x440;&#x431;&#x443;&#x440;&#x433;</subfield>
    <subfield code="c">&#x442;&#x438;&#x43F;&#x43E;-&#x43B;&#x438;&#x442;. &#x421;.&#x41C;. &#x41C;&#x443;&#x43B;&#x43B;&#x435;&#x440;</subfield>
    <subfield code="d">1904</subfield>
  </datafield>
  <datafield tag="215" ind1=" " ind2=" ">
    <subfield code="a">8 &#x441;.</subfield>
    <subfield code="d">24</subfield>
  </datafield>
  <datafield tag="700" ind1=" " ind2="1">
    <subfield code="a">&#x41F;&#x430;&#x441;&#x442;&#x430;&#x43A;&#x43E;&#x432;</subfield>
    <subfield code="b">&#x412;.&#x410;.</subfield>
    <subfield code="g">&#x412;&#x430;&#x440;&#x442;&#x430;&#x43D; &#x410;&#x43B;&#x435;&#x43A;&#x441;&#x435;&#x435;&#x432;&#x438;&#x447;</subfield>
  </datafield>
  <datafield tag="712" ind1="1" ind2="2">
    <subfield code="a">&#x421;&#x44A;&#x435;&#x437;&#x434; &#x440;&#x443;&#x441;&#x441;&#x43A;&#x438;&#x445; &#x434;&#x435;&#x44F;&#x442;&#x435;&#x43B;&#x435;&#x439; &#x43F;&#x43E; &#x432;&#x43E;&#x434;&#x43D;&#x44B;&#x43C; &#x43F;&#x443;&#x442;&#x44F;&#x43C; &#x441;&#x43E;&#x43E;&#x431;&#x449;&#x435;&#x43D;&#x438;&#x44F;</subfield>
    <subfield code="d">10</subfield>
    <subfield code="f">1904</subfield>
    <subfield code="e">&#x41F;&#x435;&#x442;&#x435;&#x440;&#x431;&#x443;&#x440;&#x433;</subfield>
    <subfield code="3">RU\NLR\AUTH\8810119367</subfield>
    <subfield code="9">737355</subfield>
  </datafield>
  <datafield tag="801" ind1=" " ind2="0">
    <subfield code="a">RU</subfield>
    <subfield code="b">NLR</subfield>
    <subfield code="g">psbo</subfield>
  </datafield>
  <datafield tag="801" ind1=" " ind2="0">
    <subfield code="a">RU</subfield>
    <subfield code="b">RuMoRGB</subfield>
    <subfield code="2">psbo</subfield>
  </datafield>
  <datafield tag="801" ind1=" " ind2="1">
    <subfield code="a">RU</subfield>
    <subfield code="b">ProSoft-M</subfield>
    <subfield code="2">rusmarc</subfield>
  </datafield>
  <datafield tag="852" ind1=" " ind2=" ">
    <subfield code="a">NLR</subfield>
    <subfield code="j">34.82.7.565</subfield>
  </datafield>
  <datafield tag="899" ind1=" " ind2=" ">
    <subfield code="a">RuMoRGB</subfield>
    <subfield code="j">V 162/71 (&#x2116; 28)</subfield>
  </datafield>
  <datafield tag="899" ind1=" " ind2=" ">
    <subfield code="a">RuMoRGB</subfield>
    <subfield code="j">U 402/1060</subfield>
  </datafield>
  <datafield tag="899" ind1=" " ind2=" ">
    <subfield code="a">&#x411;&#x410;&#x41D;</subfield>
  </datafield>
  <datafield tag="942" ind1=" " ind2=" ">
    <subfield code="c">BOOK</subfield>
  </datafield>
  <datafield tag="980" ind1=" " ind2=" ">
    <subfield code="a">NB</subfield>
  </datafield>
  <datafield tag="995" ind1=" " ind2=" ">
    <subfield code="5">2013-10-26</subfield>
    <subfield code="b">NLR02</subfield>
    <subfield code="c">NLR02</subfield>
    <subfield code="e">RFS</subfield>
    <subfield code="f">4875665-10</subfield>
    <subfield code="k">34.82.7.565</subfield>
    <subfield code="o">0</subfield>
    <subfield code="r">BOOK</subfield>
    <subfield code="s">34827565_</subfield>
  </datafield>
  <datafield tag="995" ind1=" " ind2=" ">
    <subfield code="5">2013-10-26</subfield>
    <subfield code="b">NLR01</subfield>
    <subfield code="c">NLR01</subfield>
    <subfield code="e">TEMP</subfield>
    <subfield code="f">4875665-40</subfield>
    <subfield code="o">0</subfield>
    <subfield code="r">BOOK</subfield>
  </datafield>
</record>
